[Event "US Masters op"]
[Site "Hawaii"]
[Date "1998.??.??"]
[Round "3"]
[White "Stenzel, Harold G"]
[Black "Nakamoto, Dexter"]
[Result "0-1"]
[WhiteElo "2150"]
[BlackElo "2030"]
[PlyCount "68"]
[EventDate "1998.07.??"]
[EventType "swiss"]
[EventRounds "9"]
[EventCountry "USA"]
[SourceTitle "EXT 1999"]
[Source "ChessBase"]
[SourceDate "1998.11.16"]
[SourceVersion "1"]
[SourceVersionDate "1998.11.16"]
[SourceQuality "1"]

1. e4 e6 2. d4 d5 3. Nc3 Bb4 4. e5 c5 5. a3 Bxc3+ 6. bxc3 Ne7 7. Qg4 Qc7 8. Qxg7 Rg8 9. Qxh7 cxd4 10. Ne2 Nbc6 11. f4 Bd7 12. Qd3 dxc3 13. Rb1 0-0-0 14. Nxc3 Na5 15. Nb5 Bxb5 16. Rxb5 Nf5 17. g3 Nc4 18. Bh3 Qc6 19. Rb4 a5 20. Rb3 Ne7 21. 0-0 Rh8 22. Bg2 Nf5 23. Rc3 Qc5+ 24. Rf2 Rxh2 25. Rxc4 dxc4 26. Qf3 Rxg2+ 27. Kxg2 Rg8 28. Kf1 Rxg3 29. Qh5 Qd4 30. Qe2 Rxa3 31. Ke1 Ra1 32. Qd1 Qe4+ 33. Re2 Qh1+ 34. Kd2 c3+ 0-1